|
|
|
|
| LEADER |
01393nam a2200373 a 4500 |
| 001 |
EBC3327993 |
| 003 |
MiAaPQ |
| 005 |
20200520144314.0 |
| 006 |
m o d | |
| 007 |
cr cn||||||||| |
| 008 |
110718s2012 maua sb 001 0 eng d |
| 010 |
|
|
|z 2011029993
|
| 020 |
|
|
|z 9781558442214
|
| 020 |
|
|
|a 9781558442733 (electronic bk.)
|
| 035 |
|
|
|a (MiAaPQ)EBC3327993
|
| 035 |
|
|
|a (Au-PeEL)EBL3327993
|
| 035 |
|
|
|a (CaPaEBR)ebr10701594
|
| 035 |
|
|
|a (OCoLC)929118945
|
| 040 |
|
|
|a MiAaPQ
|c MiAaPQ
|d MiAaPQ
|
| 050 |
|
4 |
|a HB701
|b .P737 2012
|
| 082 |
0 |
4 |
|a 333.3
|2 23
|
| 245 |
0 |
0 |
|a Property in land and other resources
|h [electronic resource] /
|c edited by Daniel H. Cole and Elinor Ostrom ; [foreword by Douglass C. North].
|
| 260 |
|
|
|a [Cambridge, Mass.] :
|b Lincoln Institute of Land Policy,
|c c2012.
|
| 300 |
|
|
|a x, 492 p. :
|b ill.
|
| 504 |
|
|
|a Includes bibliographical references and index.
|
| 533 |
|
|
|a Electronic reproduction. Ann Arbor, MI : ProQuest, 2015. Available via World Wide Web. Access may be limited to ProQuest affiliated libraries.
|
| 650 |
|
0 |
|a Right of property.
|
| 650 |
|
0 |
|a Real property.
|
| 650 |
|
0 |
|a Natural resources.
|
| 655 |
|
4 |
|a Electronic books.
|
| 700 |
1 |
|
|a Cole, Daniel H.,
|d 1958-
|
| 700 |
1 |
|
|a Ostrom, Elinor.
|
| 710 |
2 |
|
|a ProQuest (Firm)
|
| 856 |
4 |
0 |
|u https://ebookcentral.proquest.com/lib/matrademy/detail.action?docID=3327993
|z Click to View
|